00305 a2200109 4500001001000000005001700010008004100027245001700068100002600085773006900111999001500180ART_2579120260410161601.0260409a 10aContabilidad1 aHerrscher, Enrique G.0 tProfesional & Empresariag- Año VII, Nº 76 (ene. 2006)wREV70 c9754d9754